000 00505nam a22001577a 4500
005 2010072104324.0
020 _a9788189107734
_c195.00
037 _aDBAD / PUB
100 _aAnubhabananda, Swami
245 _aMeditatiion through Parables/
_cby Swami Anubhavananda
260 _aBhopal
_bIndra Publishing House
_c2010
300 _a220p
_c22cm (pbk)
600 _aMaunananda, Swami
942 _2ddc
_cEN
_mANU
999 _c37146
_d37146